Low-cost digital ultrasound beamformer design using field programmable gate arrays / (Record no. 42751)
[ view plain ]
| 000 -LEADER | |
|---|---|
| fixed length control field | 01813cam a2200325 a 4500 |
| 003 - CONTROL NUMBER IDENTIFIER | |
| control field | EG-GiCUC |
| 005 - DATE AND TIME OF LATEST TRANSACTION | |
| control field | 20250223030827.0 |
| 008 - FIXED-LENGTH DATA ELEMENTS--GENERAL INFORMATION | |
| fixed length control field | 130423s2013 ua dh f m 000 0 eng d |
| 040 ## - CATALOGING SOURCE | |
| Original cataloging agency | EG-GiCUC |
| Language of cataloging | eng |
| Transcribing agency | EG-GiCUC |
| 041 0# - LANGUAGE CODE | |
| Language code of text/sound track or separate title | eng |
| 049 ## - LOCAL HOLDINGS (OCLC) | |
| Holding library | Deposite |
| 097 ## - Thesis Degree | |
| Thesis Level | M.Sc |
| 099 ## - LOCAL FREE-TEXT CALL NUMBER (OCLC) | |
| Classification number | Cai01.13.03.M.Sc.2013.Ba.L |
| 100 0# - MAIN ENTRY--PERSONAL NAME | |
| Personal name | Basem Ahmed Hassan |
| 245 10 - TITLE STATEMENT | |
| Title | Low-cost digital ultrasound beamformer design using field programmable gate arrays / |
| Statement of responsibility, etc. | Basem Ahmed Hassan ; Supervised Yasser Mostafa Kadah |
| 246 15 - VARYING FORM OF TITLE | |
| Title proper/short title | تصميم منخفض التكلفة لمكون الاشعة لجهاز فوق الموجات الصوتية باستخدام البوابات المنطقية القابلة للبرمجة |
| 260 ## - PUBLICATION, DISTRIBUTION, ETC. | |
| Place of publication, distribution, etc. | Cairo : |
| Name of publisher, distributor, etc. | Basem Ahmed Hassan , |
| Date of publication, distribution, etc. | 2013 |
| 300 ## - PHYSICAL DESCRIPTION | |
| Extent | 121P. : |
| Other physical details | charts , facsimiles ; |
| Dimensions | 30cm |
| 502 ## - DISSERTATION NOTE | |
| Dissertation note | Thesis (M.Sc.) - Cairo University - Faculty of Engineering - Department of Systems and Biomedical Engineering |
| 520 ## - SUMMARY, ETC. | |
| Summary, etc. | Our thesis describes a novel extendable beamforming architecture design in both of the system - level Hardware and Firmware design level . In the Hardware design , we were targeting the compactable application as well as the extendable applications where the power , level of integration and the feasible of the replication are critical . The three main components that have the greatest influence on the hardware design and system performance of the signal - processing board are the Analog to Digital Converters (ADCs) , the Beamformer transmitter and the FPGA |
| 530 ## - ADDITIONAL PHYSICAL FORM AVAILABLE NOTE | |
| Additional physical form available note | Issued also as CD |
| 653 #4 - INDEX TERM--UNCONTROLLED | |
| Uncontrolled term | Beamformer |
| 653 #4 - INDEX TERM--UNCONTROLLED | |
| Uncontrolled term | FPGA |
| 653 #4 - INDEX TERM--UNCONTROLLED | |
| Uncontrolled term | Ultrasound |
| 700 0# - ADDED ENTRY--PERSONAL NAME | |
| Personal name | Yasser Mostafa Kadah , |
| Relator term | |
| 856 ## - ELECTRONIC LOCATION AND ACCESS | |
| Uniform Resource Identifier | <a href="http://172.23.153.220/th.pdf">http://172.23.153.220/th.pdf</a> |
| 905 ## - LOCAL DATA ELEMENT E, LDE (RLIN) | |
| Cataloger | Fatma |
| Reviser | Cataloger |
| 905 ## - LOCAL DATA ELEMENT E, LDE (RLIN) | |
| Cataloger | Nazla |
| Reviser | Revisor |
| 942 ## - ADDED ENTRY ELEMENTS (KOHA) | |
| Source of classification or shelving scheme | Dewey Decimal Classification |
| Koha item type | Thesis |
| Source of classification or shelving scheme | Not for loan | Home library | Current library | Date acquired | Full call number | Barcode | Date last seen | Koha item type | Copy number |
|---|---|---|---|---|---|---|---|---|---|
| Dewey Decimal Classification | المكتبة المركزبة الجديدة - جامعة القاهرة | قاعة الرسائل الجامعية - الدور الاول | 11.02.2024 | Cai01.13.03.M.Sc.2013.Ba.L | 01010110060465000 | 22.09.2023 | Thesis | ||
| Dewey Decimal Classification | المكتبة المركزبة الجديدة - جامعة القاهرة | مخـــزن الرســائل الجـــامعية - البدروم | 11.02.2024 | Cai01.13.03.M.Sc.2013.Ba.L | 01020110060465000 | 22.09.2023 | CD - Rom | 60465.CD |